Algunos elementos sobre los salarios y su legislación en Costa Rica /

Estudio sobre el desarrollo y las diferentes leyes que en la actualidad sustentan la legislación del salario en Costa Rica. Primero conceptualiza los salarios en sus diferentes modalidades, para luego exponer de forma descriptiva la organización jurídica institucional relativa al salario desde su o...

詳細記述

保存先:
書誌詳細
第一著者: Obando Piedra, Xinia
フォーマット: 図書
言語:Spanish
主題:
タグ: タグ追加
タグなし, このレコードへの初めてのタグを付けませんか!

MARC

LEADER 00000nam a22000007a 4500
003 cru CIDCACS/IIS
005 20200925161335.0
007 ta
008 170426s1989 cr ||||| |||| 00| 0 spa d
040 |c CRAI/IIS  |a CRAI/IIS 
100 1 |9 4404  |a Obando Piedra, Xinia 
245 1 |a Algunos elementos sobre los salarios y su legislación en Costa Rica /  |c Xinia Obando Piedra 
300 |a 14 páginas 
520 |a Estudio sobre el desarrollo y las diferentes leyes que en la actualidad sustentan la legislación del salario en Costa Rica. Primero conceptualiza los salarios en sus diferentes modalidades, para luego exponer de forma descriptiva la organización jurídica institucional relativa al salario desde su origen hasta el presente, enfocando aspectos tales como: convención colectiva, decretos, leyes sobre servidores públicos, etc. MR/JM 
650 1 0 |9 2434  |a SALARIOS 
650 1 0 |9 1467  |a LEGISLACION DEL TRABAJO 
650 1 0 |9 1512  |a TRABAJADORES 
650 1 0 |9 243  |a ESTADO 
650 1 0 |9 3811  |a EMPRESARIOS 
650 1 0 |9 30  |a OCUPACIONES 
651 1 0 |9 32  |a COSTA RICA 
773 0 |0 19232  |9 684  |a Costa Rica.  |d Costa Rica El Ministerio   |o MFN0129  |t Documento / 
942 |2 ddc  |c PP 
999 |c 19233  |d 19233